| 000 | 00859nam a2200265 a 4500 | ||
|---|---|---|---|
| 001 | 000024502 | ||
| 005 | 20200930023216.0 | ||
| 008 | 110128s1982 ag r 001 0 spa d | ||
| 020 | _a9500097028 | ||
| 040 |
_aDO-SdBNP _bspa _cBNPHU |
||
| 041 | 1 | 7 |
_aspa _heng _2Código de idiomas MARC |
| 082 |
_ann* _bnn* |
||
| 240 | 1 | 0 |
_aThe future of business. _lEspañol |
| 245 | 0 | 3 |
_aEL futuro de la empresa / _cCourtney C. Brown... [et al.] ; traducción Cesar Aira. |
| 260 |
_aBuenos Aires : _bFraterna, _c1982. |
||
| 300 |
_a194 p. ; _c20 cm. |
||
| 534 |
_aTítulo del original : _tThe future of business |
||
| 700 | 1 |
_aKeohane, Robert O. _948314 |
|
| 700 | 1 |
_aAira, Cesar, _etr. _942348 |
|
| 700 | 1 |
_aWays, Max. _950211 |
|
| 700 | 1 |
_aDrucker, Peter F. _950212 |
|
| 700 | 1 |
_aWeidenbaum, Murray L. _950213 |
|
| 700 | 1 |
_aKissinger, Henry A. _950214 |
|
| 049 | _aBNGR | ||
| 999 |
_c23995 _d23995 |
||